Регионална библиотека "Любен Каравелов" - Русе

Есета по икономика (Запис номер 1459)

MARC детайли
000 -Лидер
Контролно поле с фиксирана дължина 01687nam a2200361 a 4500
003 - Код на организацията, давaща контролен номер
Контролно поле BLK
005 - Дата и час на последна редакция
Контролно поле 20250429161849.0
008 - Елементи от данни с фиксирана дължина
fixed length control field 180412b bul|||||r ||||||| ||bul||
010 ## - Наследен системен номер
LC control number KNG00002292000
020 ## - Международен стандартен номер на книга ISBN
Международен стандартен номер на книга ISBN 954-445-018-1
040 ## - Източник на каталожния запис
Идентификатор на билиотеката - собственик на записа BLK
041 ## - Код за език
Код за езика на текст/звукозапис или на отделно заглавие Български
Код за езика КДБФ Български
080 ## - УДК
Текстов определител УДК Икономическа наука в цялост. Проблематика на икономическата наука. Предмет и методи на икономиката
УДК код - определител по УДК 330.101
УДК - код + определител 330.101
100 1# - Редна дума - Автор
Автор Леонтиев, Василий Василиевич
Авторска отговорност първи автор
R(LIN) 244210
139 ## - Редно поле
Редна дума Леонтиев, Василий Василиевич
Авторски знак Лео - Л 46
245 10 - Сведения за заглавието
Заглавие Есета по икономика
Подзаглавни данни Кога историята трябва да се пише отзад напред ?, Математиката в икон. теория, Машините и човекът, Съвр. методи за икон. планиране и прогнозиране
Редно поле (дума) Василий Василиевич Леонтиев.
257 ## - Страна на издаване
Страна на създаване/издаване Съединени американски щати
260 ## - Област на издателските данни
Място на издаване, разпространение и проч. София
Име на издателя, разпространителя и проч. Христо Ботев
Година на издаване 1994
300 ## - Физическа характеристика
Страници 463 с.
Илюстрации и др. с диагр.
Размери/Мащаб 20 см
380 ## - Жанр
Жанр Обществени науки
490 ## - СЕРИИ (Колекции)
Име на серия Лауреати на Нобелова награда
500 ## - Общи забележки
Забележка Ориг. загл. Essays in economics ; theories and theorizing ; 5 000 тир
650 #4 - Допълнително описание по предмет – тема
Основно описание – тема или топоним Икономика - теория
9 (RLIN) 243191
653 ## - Ключова дума – ненормативна
Ключова дума есета
653 ## - Ключова дума – ненормативна
Ключова дума икономика
852 ## - Местоположение
Форматна сигнатура Цб 176252
Фондова буква Хранилище
856 4# - Електронен адрес и достъп
Електронен формат pdf - файл
Път до файла /url/
856 4# - Електронен адрес и достъп
Електронен формат pdf - файл
Път до файла /url/
942 ## - АРТИКУЛИ
Вид на библиотечния материал Книги
Скрит в OPAC Не
Koha issues (borrowed), all copies 6
944 ## - СЪЗДАВАНЕ И РЕДАКЦИЯ на ЗАПИСА
Създаване/Редакция Създаване
Дата на регистрацията/редакция 15.01.2003
Служител, извършил регистрацията/редакцията 30576
Статус, дата на статуса Цветомила Тодорова
944 ## - СЪЗДАВАНЕ И РЕДАКЦИЯ на ЗАПИСА
Създаване/Редакция Редакция
Дата на регистрацията/редакция 21.06.2016
Служител, извършил регистрацията/редакцията Пенка_Димитрова
999 ## - СИСТЕМНИ КОНТРОЛНИ НОМЕРА
Koha biblionumber 1459
Koha biblioitemnumber 1459
999 ## - СИСТЕМНИ КОНТРОЛНИ НОМЕРА
Koha biblioitemnumber 1459
Наличности
Код за отписване Код за изгубен артикул Източник на класификационната схема Код за повреда Коз за рестрикции Код за отдаване Артикулен № Име на библиотеката - собственик Име на библиотеката, в която се намира в момента Статус (Текущо местоположение) Дата на вписване в системата Местоположение - отдел Цена в лева Инвентарен номер Систематично азбучна сигнатура Баркод Номер на екземпляра Цена в евро Служебна бележка Служебен тип на артикула
  Не е изгубен Universal Decimal Classification Не е повреден без рестрикции ползва се в читалня 2850 Регионална библиотека "Любен Каравелов" Русе Регионална библиотека "Любен Каравелов" Русе Хранилище 1994-01-01 Хранилище 1.50 603248 Цб 176252 120000603248 1 0.77 Дост: Dp Вид: Д N: стар фонд Дата: 01.01.1994 Книги
  Не е изгубен Universal Decimal Classification Не е повреден без рестрикции заемане за дома 2851 Регионална библиотека "Любен Каравелов" Русе Регионална библиотека "Любен Каравелов" Русе Заемна - подръчен фонд 1994-01-01 Заемна - подръчен фонд 1.50 605746 П 330.1/Л 46 120000605746 2 0.77 Дост: Pk Вид: Ф N: стар фонд Дата: 01.01.1994 Дата инв: 05.02.2018 Бележки инв: П2018 Книги
Изтеглен Не е изгубен Universal Decimal Classification Не е повреден без рестрикции заемане за дома 2852 Регионална библиотека "Любен Каравелов" Русе Регионална библиотека "Любен Каравелов" Русе Заемна - подръчен фонд 1994-01-01 Заемна - подръчен фонд 1.50 605747 П 330.1/Л 46 605747 3 0.77 Дост: Pk Вид: Ф N: стар фонд Дата: 01.01.1994 Дата инв: 05.02.2018 Бележки инв: П2018 Книги
  Не е изгубен   Не е повреден без рестрикции заемане за дома 2853 Регионална библиотека "Любен Каравелов" Русе Регионална библиотека "Любен Каравелов" Русе Заемна - подръчен фонд 2016-06-21 Заемна - подръчен фонд 12.00 120000801276 П 330.1/Л 46 120000801276 4 6.14 Дост: DA Вид: А N: 23 Дата: 21.06.2016 Дата инв: 05.02.2018 Бележки инв: П2018 Книги
Vip Innovations Ltd, Rousse, Bulgaria 2025